=LDR 00000nam 2200000 4500 =001 $a INLIS000000000017138 =005 $a 20260423153219 =008 $a 260423################g##########0#ind## =020 ##$$a =035 ##$$a 0010-0624000041 =082 ##$$a 352.14 =084 ##$$a 352.14 PRO =100 #$$a =245 ##$$a Prospek Penyelenggaraan Pemerintahan Daerah Pasca PP No. 38 & 41 Tahun 2007 $b $c =260 ##$$a Samarinda : $b PKP2A III LAN, $c 2007 =300 ##$$a 123 halaman : $b ilus ; $c 21 cm $e =520 #$$a =650 ##$$a Otonomi Daerah =700 #$$a =856 ##$$a =csr $a 34dcfa20a65c8707b2822d2a55bb034c